| 000 | 00627cad a22002055a 4500 | ||
|---|---|---|---|
| 001 | L159791 | ||
| 008 | 150226s2016 xxk f 000 0 eng d | ||
| 035 | _a(Sirsi) u159791 | ||
| 041 | 0 | _aeng | |
| 110 | 2 |
_aRoyal Institution of Chartered Surveyors _94900 |
|
| 245 | 0 | 0 |
_aCome the revolution _bproptech |
| 260 | _c2016 | ||
| 490 |
_aModus _vMarch 2016, 30-34 (5) |
||
| 520 | _aDiscusses the latest proptech trends with the industry leaders who challenge the status quo. | ||
| 590 | _aKA | ||
| 650 | 2 | 4 | _aPROPERTY TECHNOLOGY |
| 690 |
_aResidential property _96266 |
||
| 690 |
_aCommercial property _96227 |
||
| 942 |
_n0 _2ddc |
||
| 999 |
_c84988 _d84988 |
||